| 000 | 00500nam a22001697a 4500 | ||
|---|---|---|---|
| 003 | MACL | ||
| 005 | 20160203173851.0 | ||
| 008 | 160203b xxu||||| |||| 00| 0 eng d | ||
| 040 | _cMACL | ||
| 041 | _aHindi | ||
| 082 | _a891.431/SHA | ||
| 100 |
_aशर्मा डाॅ. रामकृष्ण _936785 |
||
| 245 | _aभगवान परशुराम | ||
| 260 |
_aजयपूर _bपुनीत प्रकाशन _c2011 |
||
| 650 |
_aकविता _9226 |
||
| 942 |
_2ddc _cHIN |
||
| 999 |
_c53176 _d53176 |
||